LEADER 03016nam 2200601Ia 450 001 9910830486603321 005 20230725023827.0 010 $a3-527-63295-6 010 $a1-282-71240-3 010 $a9786612712401 010 $a3-527-63100-3 010 $a3-527-63101-1 035 $a(CKB)2670000000033522 035 $a(EBL)557605 035 $a(OCoLC)654029553 035 $a(SSID)ssj0000671331 035 $a(PQKBManifestationID)11452821 035 $a(PQKBTitleCode)TC0000671331 035 $a(PQKBWorkID)10613713 035 $a(PQKB)11749453 035 $a(MiAaPQ)EBC557605 035 $a(EXLCZ)992670000000033522 100 $a20100304d2010 uy 0 101 0 $ager 135 $aur|n|---||||| 181 $ctxt 182 $cc 183 $acr 200 10$aEinfu?hrung in die Nanobiomechanik$b[electronic resource] $eBildgebung und Messung durch Rasterkraftmikroskopie /$fAtsushi Ikai. Mit Beitr. von Rehana Afrin ... [et al.] 205 $a1. Aufl. 210 $aWeinheim $cWiley-VCH-Verl$d2010 215 $a1 online resource (264 p.) 300 $aDescription based upon print version of record. 311 $a3-527-40954-8 320 $aIncludes bibliographical references. 327 $aEinfu?hrung in die Nanobiomechanik; Inhaltsverzeichnis; Vorwort; 1 Kra?fte in der Biologie; 2 Einfu?hrung in die Grundlagen der Mechanik; 3 Kra?fte und Kraftmessung; 4 Die Mechanik von Polymerketten; 5 Wechselwirkungen; 6 Wechselwirkungen zwischen einzelnen Moleku?len; 7 Die Mechanik einzelner DNA- und RNA-Moleku?le; 8 Die Mechanik einzelner Proteinmoleku?le; 9 Bewegung in der Nanobiologie; 10 Die Mechanik von Zellen; 11 Manipulation einzelner Moleku?le; 12 Finite-Elemente-Analyse von mikroskopischen biologischen Strukturen; A Grundzu?ge der linearen Mechanik nach Landau und Lifschitz 327 $aB Die Mechanik von BalkenC Persistenzla?nge und Kuhnla?nge; D Das Hertzmodell; E Farbtafeln 330 $aDie Nanotechnologie ist ein hochaktuelles, viel versprechendes interdisziplina?res Forschungsgebiet. Weltweit werden neue Institute gegru?ndet, um Ressourcen zu bu?ndeln und Anwendungen der Nanotechnologie in Materialforschung, Halbleitertechnik und Biophysik voranzutreiben.Der Druck auf Wissenschaftler und fortgeschrittene Studierende steigt, ihr vorhandenes Wissen auf dieses Gebiet anzuwenden bzw. sich spezifisches neues Wissen anzueignen. Dieses konzise U?bersichtswerk in deutscher Sprache vermittelt Master-Studierenden und Doktoranden den aktuellen Stand nanotechnologischer Forschung i 606 $aBiomechanics 606 $aNanostructures 615 0$aBiomechanics. 615 0$aNanostructures. 676 $a571.4/3 676 $a571.43 700 $aIkai$b Atsushi$0791553 701 $aAfrin$b R$g(Rehana)$01656325 801 0$bMiAaPQ 801 1$bMiAaPQ 801 2$bMiAaPQ 906 $aBOOK 912 $a9910830486603321 996 $aEinfu?hrung in die Nanobiomechanik$94009131 997 $aUNINA LEADER 05217oam 2201249 c 450 001 9910433250403321 005 20260302090207.0 010 $a9783732851584 010 $a3732851583 010 $a9783839451588 010 $a3839451582 024 7 $a10.14361/9783839451588 035 $a(CKB)4100000011249221 035 $a(DE-B1597)546282 035 $a(DE-B1597)9783839451588 035 $a(OCoLC)1158109087 035 $a(ScCtBLL)9eeeaf66-ed5e-46ab-ae56-9543dff1d6fb 035 $a(MiAaPQ)EBC6753120 035 $a(Au-PeEL)EBL6753120 035 $a(transcript Verlag)9783839451588 035 $a(MiAaPQ)EBC6956160 035 $a(Au-PeEL)EBL6956160 035 $a(oapen)https://directory.doabooks.org/handle/20.500.12854/27341 035 $a(MiAaPQ)EBC30591599 035 $a(Au-PeEL)EBL30591599 035 $a(Perlego)1796408 035 $a(oapen)doab27341 035 $a(EXLCZ)994100000011249221 100 $a20260302d2020 uy 0 101 0 $ager 135 $aur||||||||||| 181 $ctxt$2rdacontent 182 $cc$2rdamedia 183 $acr$2rdacarrier 200 10$aStuttgart 21 ? eine Rekonstruktion der Proteste$eSoziale Bewegungen in Zeiten der Postdemokratie$fJulia von Staden 205 $a1st ed. 210 $aBielefeld$ctranscript Verlag$d2020 215 $a1 online resource (256 p.) 225 0 $aSoziale Bewegung und Protest 300 $aA teaching play for protest research: key events and dynamics of the social movement against "S21". 311 08$a9783837651584 311 08$a3837651584 327 $aFrontmatter 1 Inhalt 5 Abku?rzungsverzeichnis 11 Danksagung 13 1. Einleitung 15 2. Theoretische Fundierung 23 3. Methodologische Konzeptualisierung und Operationalisierung 51 4. Ausgangslage und Beginn der Massenproteste gegen Stuttgart 21 61 5. Eskalation am ?Schwarzen Donnerstag? 89 6. Das Schlichtungsverfahren 111 7. U?berho?htes Vertrauen der Protestbewegung in eine neue Landesregierung 141 8. Die Volksabstimmung als konfliktbefriedendes Verfahren 165 9. Schlussbetrachtung 189 Anhang 213 Literatur- und Quellenverzeichnis 225 Abbildungsverzeichnis 253 330 $aDie Konflikte um das Großprojekt »Stuttgart 21« verdeutlichen exemplarisch, wie Protestbewegungen das postdemokratische Zusammenspiel von Staat und Wirtschaft herausfordern. Bürgerbeteiligung und Kostentransparenz sind seither nahezu obligatorisch, dabei hat die Bewegung gegen »S21« ihr eigentliches Ziel, das Bahn- und Immobilienprojekt zu stoppen, verfehlt, trotz scheinbar positiver Ausgangslage. Anhand von Schlüsselereignissen im Konflikt um das Großprojekt rekonstruiert Julia von Staden die Dynamiken und Diskurse dieser sozialen Bewegung. Diese Untersuchung stellt in ihrer Art eine Neuheit in der Protest- und Bewegungsforschung dar und ist gleichzeitig ein Lehrstück für andere soziale Bewegungen. 330 1 $aBesprochen in:www.kultura-extra.de, 05.07.2020, Thomas Rothschildhttps://partizipendium.de, 10.07.2020, Andreas Paust 410 $aSoziale Bewegung und Protest 517 2 $avon Staden, Stuttgart 21 ? eine Rekonstruktion$eSoziale Bewegungen in Zeiten der Postdemokratie 606 $aStuttgart 21 606 $aGroßprojekte 606 $aMajor Projects 606 $aPost-democracy 606 $aPostdemokratie 606 $aBürgerbeteiligung 606 $aCitizen Participation 606 $aSoziale Bewegungen 606 $aSocial Movements 606 $aProtest 606 $aZiviler Ungehorsam 606 $aCivil Disobedience 606 $aZivilgesellschaft 606 $aCivil Society 606 $aStadt 606 $aCity 606 $aPolitics 606 $aPolitik 606 $aPolitische Soziologie 606 $aPolitical Sociology 606 $aUrban Studies 606 $aRaum 606 $aSpace 606 $aPolitikwissenschaft 606 $aPolitical Science 615 4$aStuttgart 21 615 4$aGroßprojekte 615 4$aMajor Projects 615 4$aPost-democracy 615 4$aPostdemokratie 615 4$aBürgerbeteiligung 615 4$aCitizen Participation 615 4$aSoziale Bewegungen 615 4$aSocial Movements 615 4$aProtest 615 4$aZiviler Ungehorsam 615 4$aCivil Disobedience 615 4$aZivilgesellschaft 615 4$aCivil Society 615 4$aStadt 615 4$aCity 615 4$aPolitics 615 4$aPolitik 615 4$aPolitische Soziologie 615 4$aPolitical Sociology 615 4$aUrban Studies 615 4$aRaum 615 4$aSpace 615 4$aPolitikwissenschaft 615 4$aPolitical Science 676 $a020 686 $aMG 17092$2rvk 700 $avon Staden$b Julia$p
Julia von Staden, Goethe-Universität Frankfurt am Main, Deutschland
$4aut$01888435 712 02$atranscript: Open Library 2020 (Politik)$4fnd$4http://id.loc.gov/vocabulary/relators/fnd 801 0$bDE-B1597 801 1$bDE-B1597 906 $aBOOK 912 $a9910433250403321 996 $aStuttgart 21 ? eine Rekonstruktion der Proteste$94527311 997 $aUNINA